50 Largest Cities in Rest of Asia - Statistics

General Stats
  • This quiz has been taken 460 times
    147 since last reset
  • The average score is 38 of 50
Answers on the Map
Answers color-coded by a green-red scale on the quiz's map according to % correct below.
 
Answer Stats
Pop (M) City % Correct
15.0 Istanbul
100%
9.2 Tehran
100%
6.4 Baghdad
99%
2.2 Doha
99%
5.6 Kabul
99%
6.4 Amman
98%
4.3 Damascus
98%
5.3 Dubai
98%
4.3 Kuwait City
98%
6.9 Riyadh
98%
2.6 Tel Aviv
97%
3.6 Ankara
96%
2.0 Baku
96%
1.7 Mecca
96%
1.1 Astana
94%
1.8 Beirut
94%
1.1 East Jerusalem
94%
4.3 Jeddah
94%
4.0 Sana'a
94%
3.9 Tashkent
93%
1.1 Yerevan
92%
2.9 Aleppo
90%
2.4 Almaty
90%
1.4 Dushanbe
90%
2.7 Izmir
90%
1.3 Bishkek
88%
1.5 Manama
88%
1.2 Ashgabat
83%
5.4 Mashhad
83%
1.4 Medina
83%
1.3 Antalya
82%
1.8 Isfahan
82%
2.0 Basra
75%
2.3 Bursa
74%
2.3 Dammam
70%
1.7 Mosul
70%
1.3 Novosibirsk
70%
1.1 Yekaterinburg
70%
1.6 Erbil
66%
1.6 Gaziantep
66%
1.3 Tabriz
62%
1.3 Herat
51%
1.2 Shymkent
39%
1.2 Kirkuk
34%
1.6 Ahvaz
28%
1.3 Najaf
21%
1.6 Ta'izz
21%
3.6 Karaj
17%
1.1 Hillah
9%
1.1 Sincan
6%
No matching quizzes found
Score Distribution
Percent of People with Each Score
Percentile by Number Answered
Your Score History
You have not taken this quiz since the last reset